000 01153nam a2200361Ia 4500
001 dia_6528
003 CHAP
005 20251023152515.0
008 220117s2013 xx 000 0 und d
010 _a177600
020 _a978-607-421-004-0
040 _cCHAP
082 _a808.8381 M87 K34 2013
100 _aMurakami, Haruki
_9160491
245 _aKafka en la orilla /
_c Haruki Murakami ; traducción Lourdes Porta
260 _aMéxico :
_b Tusquets Editores México,
_c2013
300 _a714 p.
440 _aMaxi
_9160492
500 _aTítulo original: Umibe no Kafuka
503 _aC.
590 _aPL856.U673 K34 2013
650 _aFiction
_9152751
650 _aJapan
_xSocial life and customs
_xFiction
_9160504
650 _aJapanese literature
_x21st century
_9160499
650 _aJapón
_xVida social y costumbres
_xNovela
_9160505
650 _aLiteratura japonesa
_xSiglo XXI
_9160500
650 _aNovela
_982011
700 _aPorta, Lourdes, tr.
_9160502
901 _a808.8381 M87 K34 2013
902 _aA
905 _a5232272013 mx x 8222222322spa16
942 _cLIBRO
_2ddc
999 _c177600
_d177600